| 000 | 00630nam a2200205Ia 4500 | ||
|---|---|---|---|
| 003 | OSt | ||
| 005 | 20250506122336.0 | ||
| 008 | 220927b |||||||| |||| 00| 0 eng d | ||
| 020 | _a9788178243405 | ||
| 040 |
_aSDCL _cSDCL _beng |
||
| 041 |
_2eng _aeng |
||
| 084 | _aY38:(G:55).2'P Q2 | ||
| 100 |
_aSharma, Mukul _9393345 |
||
| 245 | 0 |
_aGreen and saffron : _b Hindu nationalism and Indian environmental politics. |
|
| 260 |
_aRanikhet: _bPermanent Black, _c2012. |
||
| 300 | _axviii,300p | ||
| 650 | _aEnvironmental Science | ||
| 942 |
_cTEXL _2CC _n0 |
||
| 999 |
_c783118 _d783118 |
||